[Event "Sparkassen-Open B"]
[Site "Heusenstamm, Martinsee"]
[Date "2018.11.26"]
[Round "2.17"]
[White "Wirtjes, Edzard"]
[Black "Gnandt, Michael"]
[Result "1-0"]
[WhiteElo "1705"]
[BlackElo "1316"]
[PlyCount "93"]
[EventDate "2018.??.??"]
[WhiteTeam "VfR Heisfelde"]
[BlackTeam "SV Steinhausen"]

1. c4 e5 2. Nc3 Nf6 3. g3 Bc5 4. Bg2 Nc6 5. d3 a6 6. Nf3 d6 7. a3 Rb8 8. b4 Bb6
9. h3 Nd4 10. Bg5 Nxf3+ 11. Bxf3 h6 12. Bxf6 Bxf2+ 13. Kxf2 Qxf6 14. Nd5 Qd8
15. Kg2 c6 16. Nc3 Be6 17. e3 Qg5 18. Qe2 Qe7 19. Bg4 O-O 20. Bxe6 fxe6 21.
Raf1 d5 22. c5 Rxf1 23. Rxf1 Rf8 24. Rxf8+ Qxf8 25. Qf3 Qe7 26. Nd1 g6 27. Nf2
h5 28. g4 h4 29. d4 e4 30. Qf4 g5 31. Qe5 Kf7 32. Qh8 Kg6 33. Qg8+ Kh6 34. Qh8+
Kg6 35. Qe5 Kf7 36. Kf1 Ke8 37. Ke1 Kf7 38. Nd1 Qf6 39. Qxf6+ Kxf6 40. Nc3 e5
41. Ne2 Ke6 42. dxe5 Kxe5 43. Nd4 Kf6 44. Kd2 Ke7 45. Kc3 Kd7 46. Nf5 Ke6 47.
Kd4 1-0

[Event "Sparkassen-Open B"]
[Site "Heusenstamm, Martinsee"]
[Date "2018.11.26"]
[Round "2.18"]
[White "Nimrichter, Christian"]
[Black "Haftmann, Rainer"]
[Result "0-1"]
[WhiteElo "1378"]
[BlackElo "1693"]
[PlyCount "120"]
[EventDate "2018.??.??"]
[WhiteTeam "VSG Offenbach"]
[BlackTeam "SG Dietzenbach"]

1. Nf3 d5 2. d4 c6 3. Bf4 Bf5 4. Nh4 Bg6 5. e3 e6 6. Nxg6 hxg6 7. Bd3 Bd6 8.
Nd2 Bxf4 9. exf4 Qf6 10. c3 Qxf4 11. g3 Qf6 12. Qb3 b6 13. a4 Nd7 14. a5 b5 15.
Qa3 Qe7 16. b4 a6 17. O-O-O O-O-O 18. f4 Ngf6 19. h3 Qd6 20. Rde1 Nh5 21. Re3
Rde8 22. h4 Nhf6 23. Qa1 Ng4 24. Re2 g5 25. fxg5 Qxg3 26. Bc2 Rxh4 27. Rxh4
Qxh4 28. Kb2 Qxg5 29. Qg1 Qf4 30. Nf1 Rh8 31. Rg2 Ndf6 32. Bd1 Rh4 33. Nd2 g6
34. Nf3 Rh3 35. Ng5 Qxg5 36. Bxg4 Nxg4 37. Qf1 f5 38. Qe2 Qe3 39. Qf1 Rf3 40.
Qh1 Rf2+ 41. Rxf2 Qxf2+ 42. Kb3 Qh2 43. Qe1 Kd7 44. Qc1 Qh6 45. Qg1 Qh2 46. Qe1
Nf2 47. Qd2 Qh4 48. Qe1 Qf4 49. Qg1 g5 50. Qf1 g4 51. Qe2 Ne4 52. Qe1 Qf3 53.
Qh4 Qxc3+ 54. Ka2 Qc2+ 55. Ka1 Qa4+ 56. Kb2 Qxb4+ 57. Kc2 Qc3+ 58. Kb1 Nd2+ 59.
Ka2 Qb3+ 60. Ka1 Qb1# 0-1

[Event "Sparkassen-Open B"]
[Site "Heusenstamm, Martinsee"]
[Date "2018.11.26"]
[Round "2.19"]
[White "Hofmann, Werner"]
[Black "Plaumann, Arvin"]
[Result "1/2-1/2"]
[WhiteElo "1685"]
[BlackElo "1338"]
[PlyCount "44"]
[EventDate "2018.??.??"]
[WhiteTeam "SV Kelsterbach"]
[BlackTeam "SF Heidesheim"]

1. d4 d5 2. Bf4 Bf5 3. e3 e6 4. Nf3 f6 5. c4 Ne7 6. Nc3 Nbc6 7. Qb3 Na5 8. Qa4+
Nac6 9. Nb5 Rc8 10. Nxa7 Ra8 11. Nxc6 Nxc6 12. Qb5 Bb4+ 13. Nd2 Qd7 14. cxd5
Qxd5 15. Qxd5 exd5 16. Bxc7 Rc8 17. Bg3 Bxd2+ 18. Kxd2 Nb4 19. Bb5+ Ke7 20. Ba4
Nd3 21. Bc2 Rxc2+ 22. Kxc2 Nxf2+ 1/2-1/2

[Event "Sparkassen-Open B"]
[Site "Heusenstamm, Martinsee"]
[Date "2018.11.26"]
[Round "2.20"]
[White "Jelinek, Stefan"]
[Black "Schomann, Michael"]
[Result "0-1"]
[WhiteElo "1318"]
[BlackElo "1680"]
[PlyCount "111"]
[EventDate "2018.??.??"]
[WhiteTeam "SC Kahl"]
[BlackTeam "TSV Kücknitz"]

1. e3 d5 2. d4 Nf6 3. Nc3 Bf5 4. Bd3 Bxd3 5. Qxd3 e6 6. Qb5+ Nbd7 7. Nf3 Rb8 8.
O-O a6 9. Qd3 Bd6 10. e4 dxe4 11. Nxe4 Nxe4 12. Qxe4 Nf6 13. Qe2 h6 14. Re1 O-O
15. c4 c5 16. Be3 b6 17. b3 Qc7 18. Qd2 Ng4 19. g3 Rbd8 20. Bf4 Bxf4 21. Qxf4
Qxf4 22. gxf4 cxd4 23. Rad1 d3 24. h3 Nf6 25. Re3 Nh5 26. Rexd3 Rxd3 27. Rxd3
Nxf4 28. Rd6 Rb8 29. Kh2 f6 30. Nd4 Kf7 31. Nc6 Rc8 32. Nb4 a5 33. Na6 a4 34.
Rxb6 axb3 35. axb3 Nd3 36. Kg3 f5 37. Rb5 g5 38. c5 Rc6 39. Rb6 Ne5 40. f4
gxf4+ 41. Kxf4 Ng6+ 42. Ke3 Ne7 43. b4 Nd5+ 44. Kd4 Nxb6 45. b5 Rxc5 46. Kxc5
Nd7+ 47. Kc6 Ke7 48. Nc5 Nxc5 49. Kxc5 f4 50. Kc6 f3 51. b6 f2 52. b7 f1=Q 53.
b8=Q Qc4+ 54. Kb6 Qb4+ 55. Kc7 Qxb8+ 56. Kxb8 0-1

[Event "Sparkassen-Open B"]
[Site "Heusenstamm, Martinsee"]
[Date "2018.11.23"]
[Round "2.21"]
[White "Burow, Roger"]
[Black "Richter, Johannes"]
[Result "1/2-1/2"]
[WhiteElo "1675"]
[BlackElo "1203"]
[PlyCount "54"]
[EventDate "2018.??.??"]
[WhiteTeam "SV Kelsterbach"]
[BlackTeam "Berkershm"]

1. e4 c6 2. Nf3 d5 3. exd5 cxd5 4. d4 Nf6 5. c4 Bf5 6. Nc3 e6 7. Bg5 dxc4 8.
Bxc4 h6 9. Be3 Bb4 10. O-O O-O 11. Qb3 Qe7 12. a3 Bd6 13. Rfe1 Ng4 14. Bd2 Nc6
15. Nd5 Qd7 16. Nf4 Bxf4 17. Bxf4 Na5 18. Qc3 Nxc4 19. Qxc4 b5 20. Qe2 a6 21.
h3 Nf6 22. Rac1 Rac8 23. Be3 Rxc1 24. Rxc1 Rc8 25. Qd1 Nd5 26. Ne5 Rxc1 27.
Qxc1 Qc7 1/2-1/2

[Event "Sparkassen-Open B"]
[Site "Heusenstamm, Martinsee"]
[Date "2018.11.23"]
[Round "2.22"]
[White "Schmid, Leon"]
[Black "Wu, Sifan"]
[Result "1/2-1/2"]
[WhiteElo "1260"]
[BlackElo "1669"]
[PlyCount "177"]
[EventDate "2018.??.??"]
[WhiteTeam "SF Heidesheim"]
[BlackTeam "SV Oberursel"]

1. e4 e5 2. Nf3 Nc6 3. Nc3 Nf6 4. Bc4 Be7 5. O-O O-O 6. d3 d6 7. h3 Be6 8. Bxe6
fxe6 9. Ng5 Qd7 10. Nb5 Rac8 11. Be3 a6 12. Nc3 d5 13. exd5 exd5 14. d4 Ne8 15.
dxe5 d4 16. Ne2 Rd8 17. Qd3 Qf5 18. Qxf5 Rxf5 19. Ne6 dxe3 20. Nxd8 Nxd8 21.
fxe3 Rxe5 22. Rf3 Nf6 23. Rd1 Nc6 24. a3 Bc5 25. Rd3 Nd5 26. Kf2 Nf6 27. Nc3
Ne4+ 28. Nxe4 Rxe4 29. Rd7 Re7 30. Rxe7 Bxe7 31. e4 Bf6 32. c3 Ne5 33. Re3 Kf7
34. Re2 Ke6 35. Rd2 Nc4 36. Re2 Kd6 37. b3 Nxa3 38. c4 Nb1 39. Kf3 c6 40. Kf4
Ke6 41. e5 Be7 42. g4 h6 43. Rh2 Na3 44. Ra2 b5 45. cxb5 axb5 46. h4 b4 47. g5
h5 48. Ra1 g6 49. Ke4 c5 50. Rc1 Nb5 51. Ra1 Na3 52. Rc1 Nb5 53. Ra1 Nd4 54.
Ra6+ Kf7 55. Kd5 Nxb3 56. e6+ Ke8 57. Ra8+ Bd8 58. Kd6 Nd4 59. Kxc5 Nxe6+ 60.
Kxb4 Kf7 61. Ra7+ Be7+ 62. Kc4 Ng7 63. Kd3 Nf5 64. Ra4 Ke6 65. Ra6+ Kf7 66. Ra4
Nxh4 67. Rxh4 Bxg5 68. Rh1 Kf6 69. Ke4 Kg7 70. Kf3 Kh6 71. Kg3 Bf6 72. Kf4 Be7
73. Rg1 g5+ 74. Rxg5 Bxg5+ 75. Kg3 Kg6 76. Kg2 Kf5 77. Kh1 Kf4 78. Kg2 Ke3 79.
Kg3 Ke2 80. Kg2 Ke1 81. Kg1 Be3+ 82. Kg2 Bf2 83. Kh1 Ke2 84. Kg2 Ke3 85. Kh1
Kf3 86. Kh2 h4 87. Kh1 Kg4 88. Kg2 Bd4 89. Kh1 1/2-1/2

[Event "Sparkassen-Open B"]
[Site "Heusenstamm, Martinsee"]
[Date "2018.11.23"]
[Round "2.24"]
[White "Wöhl, Torsten"]
[Black "Becker, Ralph"]
[Result "1/2-1/2"]
[WhiteElo "1529"]
[BlackElo "1745"]
[PlyCount "47"]
[EventDate "2018.??.??"]
[WhiteTeam "SC Groß-Zimmern"]
[BlackTeam "SC Paimar"]

1. d4 Nf6 2. Bf4 d6 3. e3 g6 4. c3 Bg7 5. h3 h5 6. Nd2 Nbd7 7. Ngf3 Nb6 8. e4
Bg4 9. Be2 Nfd7 10. Qb3 Bxf3 11. Nxf3 e5 12. Be3 Qe7 13. Ng5 Nf8 14. a4 f6 15.
a5 Nbd7 16. Nf3 exd4 17. Nxd4 Nc5 18. Qb5+ Nfd7 19. f3 c6 20. Qb4 d5 21. O-O-O
dxe4 22. f4 f5 23. Nc2 O-O 24. Bc4+ 1/2-1/2

[Event "Sparkassen-Open B"]
[Site "Heusenstamm, Martinsee"]
[Date "2018.11.23"]
[Round "2.25"]
[White "Eckhoff, Mathias"]
[Black "Hegel, Jonas"]
[Result "0-1"]
[WhiteElo "1463"]
[BlackElo "1741"]
[PlyCount "44"]
[EventDate "2018.??.??"]
[WhiteTeam "SK Hungen"]
[BlackTeam "SC Peiting"]

1. e4 e6 2. d4 d5 3. Nc3 Nf6 4. e5 Nfd7 5. f4 c5 6. Nf3 cxd4 7. Nxd4 Nc6 8. Be3
Bc5 9. Nxc6 bxc6 10. Bd4 Bxd4 11. Qxd4 c5 12. Qa4 O-O 13. O-O-O f6 14. Re1 fxe5
15. fxe5 Qg5+ 16. Kb1 Nxe5 17. Be2 Bd7 18. Bb5 Bxb5 19. Qxb5 Nc4 20. Qxc5 Rab8
21. Na4 Rfc8 22. Qd4 Na3+ 0-1

[Event "Sparkassen-Open B"]
[Site "Heusenstamm, Martinsee"]
[Date "2018.11.23"]
[Round "2.26"]
[White "Boder, Jörg"]
[Black "Haas, Vanessa"]
[Result "0-1"]
[WhiteElo "1466"]
[BlackElo "1737"]
[PlyCount "94"]
[EventDate "2018.??.??"]
[WhiteTeam "SG Mörsdorf-Lahr"]
[BlackTeam "SC FK Babenhausen"]

1. b3 d5 2. Bb2 Nf6 3. e3 c5 4. Nf3 e6 5. g3 Nbd7 6. Bg2 b5 7. d3 Rb8 8. O-O
Be7 9. a4 b4 10. Nbd2 O-O 11. Ne5 Nxe5 12. Bxe5 Bd6 13. Bb2 e5 14. h3 Ba6 15.
Re1 Rc8 16. f4 exf4 17. exf4 c4 18. Bxf6 Qxf6 19. Bxd5 Qd4+ 20. Kh2 Qxd5 21.
bxc4 Qf5 22. Ne4 Bc7 23. Qd2 Rb8 24. Rab1 Bc8 25. Qe3 Qxh3+ 26. Kg1 Bd7 27. Ng5
Qg4 28. Kh2 a5 29. Ra1 h6 30. Ne4 b3 31. cxb3 Rxb3 32. Nc5 Rb2+ 33. Kg1 Qh3 34.
Re2 Rxe2 35. Qxe2 Qxg3+ 36. Qg2 Qxg2+ 37. Kxg2 Bc6+ 38. Kg3 Rd8 39. Kg4 Rd4 40.
Re1 Rxf4+ 41. Kh3 Rf3+ 42. Kg4 f5+ 43. Kh5 Rh3+ 44. Kg6 Rg3+ 45. Kxf5 Rg5+ 46.
Ke6 Rxc5 47. Rf1 Re5# 0-1

[Event "Sparkassen-Open B"]
[Site "Heusenstamm, Martinsee"]
[Date "2018.11.23"]
[Round "2.27"]
[White "Miranda Martin, Pablo Mateo"]
[Black "Zimmer, Holger"]
[Result "0-1"]
[WhiteElo "1736"]
[BlackElo "1394"]
[PlyCount "100"]
[EventDate "2018.??.??"]
[WhiteTeam "SV Walldorf"]
[BlackTeam "SF Heidesheim"]

1. d4 e6 2. Nf3 d5 3. c4 Nf6 4. a3 Be7 5. Bf4 Nc6 6. Nc3 O-O 7. e3 b6 8. Be2
Bb7 9. Rc1 Rc8 10. O-O Nh5 11. Bg3 Nxg3 12. hxg3 dxc4 13. Bxc4 Na5 14. Be2 c5
15. Qa4 Bxf3 16. Bxf3 cxd4 17. Rfd1 Rc4 18. Rxd4 Rxa4 19. Rxd8 Rxd8 20. Nxa4 b5
21. Rc7 bxa4 22. Rxe7 Nc4 23. Rc7 Nxb2 24. Rxa7 h6 25. Be2 Nd1 26. Bb5 Nc3 27.
Bxa4 Nxa4 28. Rxa4 Rd1+ 29. Kh2 Kf8 30. Kh3 f5 31. g4 g5 32. Kg3 Kf7 33. Ra7+
Kf6 34. Ra6 Rd3 35. gxf5 Kxf5 36. Ra8 h5 37. Ra4 Rd1 38. Kf3 g4+ 39. Kg3 e5 40.
e4+ Kg5 41. Kh2 Kf4 42. Rc4 Rd4 43. g3+ Kxe4 44. Rxd4+ exd4 45. Kg2 d3 46. Kf1
Kf3 47. Ke1 d2+ 48. Kxd2 Kxf2 49. a4 h4 50. a5 h3 0-1

[Event "Sparkassen-Open B"]
[Site "Heusenstamm, Martinsee"]
[Date "2018.11.23"]
[Round "2.28"]
[White "Dixon, Laura Michaela"]
[Black "Edenhäuser, Hermann"]
[Result "0-1"]
[WhiteElo "1163"]
[BlackElo "1701"]
[PlyCount "134"]
[EventDate "2018.??.??"]
[WhiteTeam "VSG Offenbach"]
[BlackTeam "SC Heusenstamm"]

1. e4 e6 2. d4 d5 3. e5 c5 4. c3 Nc6 5. Nf3 Qb6 6. a3 a5 7. Be2 Bd7 8. O-O cxd4
9. cxd4 Nge7 10. b3 Nf5 11. Bb2 Be7 12. Qd3 Na7 13. Re1 Rc8 14. Ra2 O-O 15. Qd1
Rc7 16. Bc1 Rfc8 17. Bf4 Bd8 18. Bd3 Rc6 19. Rb2 Nb5 20. Bxb5 Qxb5 21. Qd2 Bb6
22. a4 Qb4 23. Qxb4 axb4 24. Rd2 Rc2 25. Rd3 Rb2 26. Be3 Nxe3 27. fxe3 Rcc2 28.
Nbd2 Rc3 29. Rxc3 bxc3 30. Rd1 cxd2 31. Nxd2 Ba5 32. Nf3 Rxb3 33. Kf2 Bxa4 34.
Rc1 Rc3 35. Rb1 b5 36. Ra1 Rc2+ 37. Kg3 Bc3 38. Ra3 h6 39. h4 b4 40. Rxa4 b3
41. Ra8+ Kh7 42. Kf4 b2 43. Rb8 Rc1 44. Nd2 Rd1 45. Rxb2 Bxb2 46. Nf3 Bc1 47.
g4 Rd3 48. g5 Rxe3 49. Kg4 Rxf3 50. Kxf3 hxg5 51. hxg5 Bxg5 52. Ke2 Bc1 53. Kf3
g5 54. Kg4 Kg6 55. Kf3 Kf5 56. Ke2 Ke4 57. Kf2 Kxd4 58. Kf3 Kxe5 59. Kg4 d4 60.
Kf3 d3 61. Kf2 d2 62. Ke2 g4 63. Kd1 g3 64. Kc2 g2 65. Kc3 g1=Q 66. Kc2 d1=Q+
67. Kc3 Qc5# 0-1

[Event "Sparkassen-Open B"]
[Site "Heusenstamm, Martinsee"]
[Date "2018.11.23"]
[Round "2.29"]
[White "Werner, Tom"]
[Black "Goetz, Fenja"]
[Result "1-0"]
[WhiteElo "1693"]
[BlackElo "1343"]
[PlyCount "89"]
[EventDate "2018.??.??"]
[WhiteTeam "VSG Offenbach"]
[BlackTeam "SK Bad Homburg"]

1. c4 e6 2. Nc3 d5 3. d4 Nf6 4. Nf3 c5 5. cxd5 Nxd5 6. e4 Nf6 7. Bc4 cxd4 8.
Qxd4 Qxd4 9. Nxd4 Bb4 10. f3 O-O 11. Ndb5 Nc6 12. Be3 Bd7 13. O-O a6 14. Nd4
Rac8 15. Be2 Ne5 16. Rac1 Nc4 17. Bxc4 Rxc4 18. Nce2 Rfc8 19. Rxc4 Rxc4 20. Rc1
Rxc1+ 21. Bxc1 Bc5 22. Kf1 e5 23. Nc2 Bb5 24. Be3 Nd7 25. Ke1 Bd3 26. Kd2 Bxe3+
27. Kxd3 Bb6 28. b4 a5 29. a3 Nb8 30. Nc3 Nc6 31. Nd5 Bg1 32. h3 axb4 33. axb4
Nd4 34. Nxd4 Bxd4 35. Kc4 f6 36. Nc7 Ba7 37. Kd5 h6 38. Nb5 Bb8 39. Kc5 Kf8 40.
Kb6 Ke7 41. Kxb7 Bd6 42. Nxd6 Kxd6 43. Ka6 Kc7 44. b5 Kc8 45. Ka7 1-0

[Event "Sparkassen-Open B"]
[Site "Heusenstamm, Martinsee"]
[Date "2018.11.23"]
[Round "2.30"]
[White "Peschk, Kathrin"]
[Black "Westhof, Benedikt"]
[Result "1/2-1/2"]
[WhiteElo "1357"]
[BlackElo "1691"]
[PlyCount "66"]
[EventDate "2018.??.??"]
[WhiteTeam "SV Groß-Gerau"]
[BlackTeam "SC Heusenstamm"]

1. e4 e5 2. Nf3 Nf6 3. Nxe5 d6 4. Nf3 Nxe4 5. Nc3 Nxc3 6. dxc3 Be7 7. Bd3 O-O
8. O-O Bg4 9. Bf4 Nc6 10. Be2 Re8 11. Re1 Bf6 12. Be3 Qd7 13. Nd4 Bxe2 14. Rxe2
Nxd4 15. cxd4 Re4 16. f3 Re7 17. Qd2 Rae8 18. Rae1 Qa4 19. a3 Qc4 20. c3 Bg5
21. Kf2 Bxe3+ 22. Rxe3 Rxe3 23. Rxe3 Rxe3 24. Qxe3 Kf8 25. Qe2 Qxe2+ 26. Kxe2
Ke7 27. d5 Kf6 28. f4 Kf5 29. Kf3 h5 30. g3 g5 31. h3 g4+ 32. hxg4+ hxg4+ 33.
Ke3 a5 1/2-1/2

[Event "Sparkassen-Open B"]
[Site "Heusenstamm, Martinsee"]
[Date "2018.11.23"]
[Round "2.31"]
[White "Bergmann, Lennart"]
[Black "Janßen, Norbert"]
[Result "1/2-1/2"]
[WhiteElo "1193"]
[BlackElo "1647"]
[PlyCount "53"]
[EventDate "2018.??.??"]
[WhiteTeam "VSG Offenbach"]
[BlackTeam "SC Breuberg"]

1. e4 e5 2. Nf3 Nf6 3. Nxe5 d6 4. Nf3 Nxe4 5. d4 d5 6. Bd3 Be7 7. O-O O-O 8.
Qe2 Nf6 9. Bg5 Re8 10. c3 Bg4 11. Nbd2 Nbd7 12. Qd1 c6 13. Qc2 h6 14. Bh4 Bxf3
15. Nxf3 Ne4 16. Bxe7 Rxe7 17. Rfe1 Ndf6 18. Ne5 Qc7 19. Rac1 b5 20. a4 a6 21.
b3 Nd6 22. axb5 axb5 23. Ra1 Ree8 24. Ra2 Nd7 25. Nf3 Rxe1+ 26. Nxe1 Rxa2 27.
Qxa2 1/2-1/2

[Event "Sparkassen-Open B"]
[Site "Heusenstamm, Martinsee"]
[Date "2018.11.23"]
[Round "2.32"]
[White "Bär, Christian"]
[Black "Häfner, Günther"]
[Result "1/2-1/2"]
[WhiteElo "1631"]
[BlackElo "1261"]
[PlyCount "37"]
[EventDate "2018.??.??"]
[WhiteTeam "SC Steinbach"]
[BlackTeam "Berkershm"]

1. e4 d5 2. exd5 Qxd5 3. Nc3 Qa5 4. Nf3 Nf6 5. Be2 Bf5 6. O-O e6 7. d4 c6 8.
Bf4 a6 9. a3 Qd8 10. Re1 Bd6 11. Bxd6 Qxd6 12. Nb1 Nbd7 13. Nbd2 Ne4 14. Nc4
Qc7 15. c3 O-O 16. Nfe5 Rad8 17. Bd3 Ndf6 18. Qc2 Nd6 19. Bxf5 1/2-1/2

[Event "Sparkassen-Open B"]
[Site "Heusenstamm, Martinsee"]
[Date "2018.11.23"]
[Round "2.33"]
[White "Sacher, Dieter"]
[Black "Welker, Alexandra"]
[Result "1-0"]
[WhiteElo "1617"]
[BlackElo "1308"]
[PlyCount "83"]
[EventDate "2018.??.??"]
[WhiteTeam "SV Neu-Isenburg"]
[BlackTeam "TuS Makkabi"]

1. f4 d5 2. Nf3 Nf6 3. e3 g6 4. d4 Bg7 5. Bd3 Nc6 6. c3 O-O 7. O-O e6 8. b3 Re8
9. Bb2 a5 10. a4 Ne7 11. Ne5 b6 12. Qe2 c5 13. Na3 Bd7 14. Rac1 Ne4 15. Nxd7
Qxd7 16. Bb5 Nc6 17. Rc2 Rec8 18. Rfc1 Nd6 19. Bd3 f6 20. Qf3 f5 21. Nb5 c4 22.
Nxd6 Qxd6 23. bxc4 dxc4 24. Bxc4 Rab8 25. Bb5 Na7 26. c4 Nxb5 27. axb5 Ra8 28.
c5 bxc5 29. Rxc5 Qd7 30. Rxc8+ Rxc8 31. Rxc8+ Qxc8 32. Qc6 Qf8 33. Qxe6+ Kh8
34. Qc4 Qb4 35. Qxb4 axb4 36. Kf1 Bf8 37. Ke2 Kg7 38. Kd3 Kf7 39. Kc4 Ke6 40.
d5+ Kd7 41. Be5 Bd6 42. b6 1-0

[Event "Sparkassen-Open B"]
[Site "Heusenstamm, Martinsee"]
[Date "2018.11.23"]
[Round "2.34"]
[White "Traut, Stefan"]
[Black "Schulze, Tim"]
[Result "1/2-1/2"]
[WhiteElo "1601"]
[BlackElo "1228"]
[PlyCount "24"]
[EventDate "2018.??.??"]
[WhiteTeam "SF Heusenstamm"]
[BlackTeam "SC Lüneburg"]

1. d4 Nf6 2. Nf3 d5 3. c4 e6 4. g3 Be7 5. Bg2 O-O 6. O-O dxc4 7. Qc2 a6 8. Qxc4
b5 9. Qc2 Bb7 10. Bd2 Nbd7 11. Ba5 Qc8 12. Rc1 c5 1/2-1/2

[Event "Sparkassen-Open B"]
[Site "Heusenstamm, Martinsee"]
[Date "2018.11.23"]
[Round "2.35"]
[White "Bastian, Ben"]
[Black "Solovej, Philip"]
[Result "1/2-1/2"]
[WhiteElo "1592"]
[BlackElo "1131"]
[PlyCount "86"]
[EventDate "2018.??.??"]
[WhiteTeam "SC Herborn"]
[BlackTeam "SK Gründau"]

1. e4 e5 2. Nf3 Nc6 3. Bb5 Bc5 4. O-O d6 5. d3 Nge7 6. c3 O-O 7. Be3 Bb6 8. d4
exd4 9. cxd4 Bg4 10. Be2 f5 11. Ng5 Bxe2 12. Qxe2 Qd7 13. Nc3 f4 14. Qc4+ Kh8
15. Nf7+ Rxf7 16. Qxf7 fxe3 17. fxe3 Qe8 18. Na4 Ba5 19. Nc3 Nb4 20. Qb3 Rb8
21. a3 Nbc6 22. Rf3 Bxc3 23. Qxc3 Ng6 24. Qc2 Qe7 25. Raf1 Rf8 26. Rxf8+ Nxf8
27. d5 Ne5 28. Qxc7 Ned7 29. Qc8 Kg8 30. Qc4 Ne5 31. Qd4 b6 32. a4 Qc7 33. b4
Qc4 34. Qxc4 Nxc4 35. Kf2 Nd2 36. Rc1 Nxe4+ 37. Ke2 Kf7 38. Rc7+ Kf6 39. Rxa7
Nc3+ 40. Kd3 Nxd5 41. b5 Ne6 42. e4 Nc5+ 43. Kd4 Ne7 1/2-1/2

[Event "Sparkassen-Open B"]
[Site "Heusenstamm, Martinsee"]
[Date "2018.11.23"]
[Round "2.37"]
[White "Griesfeller, Sven"]
[Black "Lohia, Sohum"]
[Result "0-1"]
[WhiteElo "1332"]
[BlackElo "1562"]
[PlyCount "102"]
[EventDate "2018.??.??"]
[WhiteTeam "SG Wächtersbach"]
[BlackTeam "Wetherby"]

1. e4 d5 2. exd5 Qxd5 3. Nc3 Qa5 4. d4 c6 5. Nf3 Nf6 6. Bg5 Ne4 7. Bd2 Nxd2 8.
Qxd2 Bf5 9. Bd3 Bxd3 10. Qxd3 e6 11. O-O Be7 12. a3 O-O 13. b4 Qc7 14. Ne4 Nd7
15. c4 Nf6 16. Nfg5 Nxe4 17. Nxe4 Rfd8 18. Rac1 Qb6 19. Rfd1 Rd7 20. c5 Qc7 21.
a4 Rad8 22. Rc4 e5 23. Qg3 f5 24. Ng5 f4 25. Qg4 Bxg5 26. Qxg5 Rxd4 27. Rcxd4
Rxd4 28. Rxd4 exd4 29. Qf5 Qe7 30. Qc8+ Kf7 31. Qf5+ Qf6 32. Qd7+ Qe7 33. Qf5+
Qf6 34. Qd7+ Kg6 35. Qg4+ Kh6 36. Qh3+ Kg5 37. g4 f3 38. Qg3 d3 39. h4+ Kg6 40.
Qb8 Qe6 41. h5+ Kg5 42. Qd8+ Kxg4 43. Qxd3 Qe1+ 44. Qf1 Qxf1+ 45. Kxf1 Kxh5 46.
a5 a6 47. Kg1 Kg4 48. Kh2 g5 49. Kh1 h5 50. Kh2 h4 51. Kh1 Kf4 0-1

[Event "Sparkassen-Open B"]
[Site "Heusenstamm, Martinsee"]
[Date "2018.11.23"]
[Round "2.38"]
[White "Kosak, Matjaz"]
[Black "Stollreiter, Marc"]
[Result "1-0"]
[WhiteElo "1786"]
[BlackElo "1204"]
[PlyCount "117"]
[EventDate "2018.??.??"]
[WhiteTeam "SV Frankfurt Nord"]
[BlackTeam "Kölner SK Dr. Lasker"]

1. e4 c5 2. Nc3 Nc6 3. f4 a6 4. Nf3 e6 5. a4 Nge7 6. Bc4 g6 7. O-O Bg7 8. d3
O-O 9. Qe1 Re8 10. Qh4 Nb4 11. Bb3 d5 12. g4 d4 13. Ne2 Nec6 14. g5 Na5 15. Ne1
Nxb3 16. cxb3 a5 17. Rf3 h6 18. Bd2 h5 19. Rc1 b6 20. Nc2 Nxc2 21. Rxc2 Bb7 22.
Ng3 f5 23. gxf6 Qxf6 24. Qh3 Bc8 25. Bc1 Kh7 26. Rcf2 Bd7 27. Kf1 Rf8 28. Ne2
Rg8 29. Rg3 Bf8 30. Ng1 Be7 31. Nf3 Qg7 32. Ne5 Be8 33. Qxe6 Bh4 34. f5 Bxg3
35. f6 Qf8 36. hxg3 Ra7 37. Qxb6 Rf7 38. Nxf7 Bxf7 39. Bd2 Qc8 40. Kg2 h4 41.
Rf4 g5 42. Rf5 Kh6 43. gxh4 Kg6 44. Bxg5 Kh7 45. Qxc5 Rf8 46. Bd2 Bg6 47. Qxc8
Rxc8 48. Rf2 Rg8 49. Kf3 Bh5+ 50. Kf4 Rg4+ 51. Ke5 Bf7 52. Rf4 Rg2 53. Bxa5
Rxb2 54. b4 Ra2 55. Kxd4 Rxa4 56. e5 Kg8 57. Kc5 Ra1 58. Kd6 Rd1 59. d4 1-0

[Event "Sparkassen-Open B"]
[Site "Heusenstamm, Martinsee"]
[Date "2018.11.23"]
[Round "2.39"]
[White "Al-Butmeh, Firas"]
[Black "Wohlrabe, Jörg"]
[Result "1/2-1/2"]
[WhiteElo "1401"]
[BlackElo "1772"]
[PlyCount "41"]
[EventDate "2018.??.??"]
[WhiteTeam "SV Lahn Limburg"]
[BlackTeam "SV Gifhorn"]

1. e4 e6 2. d4 b6 3. Nf3 Bb7 4. Bd3 Be7 5. Qe2 d6 6. c4 Nd7 7. O-O Ngf6 8. Nc3
a6 9. Bf4 Nh5 10. Be3 Nhf6 11. e5 Bxf3 12. Qxf3 dxe5 13. Rad1 exd4 14. Bxd4 e5
15. Be3 O-O 16. Bf5 Qe8 17. Qg3 Kh8 18. Qh3 Bd6 19. Ne4 g6 20. Bxd7 Nxd7 21.
Nxd6 1/2-1/2

[Event "Sparkassen-Open B"]
[Site "Heusenstamm, Martinsee"]
[Date "2018.11.23"]
[Round "2.40"]
[White "Leichum, Engelbert"]
[Black "Sallwey, Rainer"]
[Result "0-1"]
[WhiteElo "1700"]
[BlackElo "1412"]
[PlyCount "90"]
[EventDate "2018.??.??"]
[WhiteTeam "vereinslos"]
[BlackTeam "SK Langen"]

1. e4 d5 2. exd5 Qxd5 3. Nc3 Qd6 4. Nf3 Nf6 5. Bc4 Bg4 6. Bxf7+ Kxf7 7. Ng5+
Ke8 8. f3 Bh5 9. O-O Qc5+ 10. Kh1 Qxg5 11. d3 Qc5 12. Bf4 c6 13. Re1 Nbd7 14.
d4 Qb4 15. Rb1 Bg6 16. a3 Qb6 17. Na4 Qb5 18. c4 Qf5 19. Qd2 Qc2 20. Qe3 Kd8
21. Nc5 Nxc5 22. dxc5 Be8 23. Rbd1+ Bd7 24. Qe5 Ke8 25. Rd2 Qf5 26. Qe3 Kf7 27.
g4 Qe6 28. Qf2 Qxc4 29. Bg3 e6 30. g5 Nd5 31. Rc2 Qb5 32. Be5 Rg8 33. b4 a5 34.
f4 g6 35. h4 axb4 36. axb4 Ra3 37. Qh2 Qd3 38. h5 Qf3+ 39. Kg1 Qg4+ 40. Rg2 Qh3
41. hxg6+ hxg6 42. f5 Qxh2+ 43. Rxh2 gxf5 44. Rh7+ Bg7 45. Re2 Kg6 0-1

[Event "Sparkassen-Open B"]
[Site "Heusenstamm, Martinsee"]
[Date "2018.11.23"]
[Round "2.41"]
[White "Gude, Michael"]
[Black "Ilievski, Kosto"]
[Result "0-1"]
[WhiteElo "1666"]
[BlackElo "1387"]
[PlyCount "76"]
[EventDate "2018.??.??"]
[WhiteTeam "SF Fürth"]
[BlackTeam "SC Groß-Zimmern"]

1. e4 c6 2. d4 d5 3. e5 Bf5 4. Nf3 e6 5. Be2 Qb6 6. O-O Nd7 7. a4 Bg6 8. a5 Qc7
9. c3 Ne7 10. b4 Be4 11. Nbd2 Bxf3 12. Bxf3 Ng6 13. Nb3 Be7 14. Nc5 O-O 15. Be2
Nxc5 16. bxc5 b6 17. cxb6 axb6 18. a6 b5 19. Bd3 Qb6 20. Be3 Rxa6 21. Qb3 Rb8
22. f4 Qa7 23. Qb2 Ra8 24. Rxa6 Qxa6 25. f5 exf5 26. Bxf5 Qa2 27. Qc1 Qc4 28.
e6 fxe6 29. Bxe6+ Kh8 30. Qe1 Ra2 31. Bf7 Qe2 32. Qg3 Nf8 33. Re1 Qb2 34. Bf4
Ra1 35. Be8 b4 36. Bxc6 bxc3 37. Bxd5 c2 38. Be5 Ng6 0-1

[Event "Sparkassen-Open B"]
[Site "Heusenstamm, Martinsee"]
[Date "2018.11.23"]
[Round "2.42"]
[White "Michel, Carsten"]
[Black "Scheerer, Julian"]
[Result "1-0"]
[WhiteElo "1653"]
[BlackElo "1364"]
[PlyCount "51"]
[EventDate "2018.??.??"]
[WhiteTeam "SC Flörsheim"]
[BlackTeam "SV 1934 Ffm-Griesheim"]

1. d4 d5 2. c4 e6 3. Nc3 Nf6 4. cxd5 exd5 5. Bg5 Be7 6. Qc2 O-O 7. e3 c6 8. Bd3
Nbd7 9. Nf3 Re8 10. O-O Nf8 11. Rab1 Ng6 12. b4 a6 13. Na4 h6 14. Bxh6 gxh6 15.
Bxg6 fxg6 16. Qxg6+ Kh8 17. Qxh6+ Kg8 18. Qg6+ Kh8 19. Ng5 Rf8 20. Nf7+ Rxf7
21. Qxf7 Bf5 22. e4 Bxe4 23. Rb3 Qd6 24. Rg3 Bf8 25. Rh3+ Nh7 26. Nc5 1-0

[Event "Sparkassen-Open B"]
[Site "Heusenstamm, Martinsee"]
[Date "2018.11.23"]
[Round "2.43"]
[White "Klein, Simon"]
[Black "Strate, Wolfgang"]
[Result "0-1"]
[WhiteElo "1377"]
[BlackElo "1645"]
[PlyCount "90"]
[EventDate "2018.??.??"]
[WhiteTeam "SK Hungen"]
[BlackTeam "SC Eschbach"]

1. e4 d5 2. exd5 Qxd5 3. Nc3 Qa5 4. d4 c6 5. Nf3 Bg4 6. Bf4 Nf6 7. Qd3 Bf5 8.
Qd2 e6 9. a3 Bb4 10. axb4 Qxa1+ 11. Nd1 Nd5 12. Bd6 Kd7 13. Bg3 Qb1 14. Ne5+
Ke8 15. Bd3 Bxd3 16. Nxd3 Na6 17. O-O Qa2 18. Ne3 Nxe3 19. fxe3 Qd5 20. Ne5 f6
21. c4 Qd8 22. Nd3 Rf8 23. Qf2 Qd7 24. Ne5 Qe7 25. Ng4 Nxb4 26. c5 Rd8 27. Qd2
a5 28. Ra1 Qxc5 29. dxc5 Rxd2 30. Rxa5 Rxb2 31. Bd6 Rf7 32. e4 Na6 33. Ne3 Rb5
34. Rxb5 cxb5 35. Nc2 e5 36. Ne3 b4 37. Kf2 Kd7 38. Nc4 Kc6 39. Ke3 Nxc5 40.
Bxe5 b5 41. Nd6 Rd7 42. Nxb5 Kxb5 43. Bb2 b3 44. e5 fxe5 45. Bxe5 Re7 0-1